Sports Quiz

Random Sports or Baseball Quiz

MLB: Hall of Famers Active in 1990 Quiz Stats

 Plays Quiz Updated Apr 12, 2018

Challenge
Share
Tweet
Embed
Score 0/30 Timer 05:00
2 Plays Today
Team Player % Correct
SDTony Gwynn
91.4%
SEAKen Griffey, Jr.
90.6%
CHCGreg Maddux
89.7%
BALCal Ripken
88.9%
HOUCraig Biggio
88.8%
ATLTom Glavine
88.1%
STLOzzie Smith
88%
ATLJohn Smoltz
87.5%
TEXNolan Ryan
86.9%
CHWFrank Thomas
86.3%
SEARandy Johnson
84.3%
MINKirby Puckett
83.1%
CINBarry Larkin
82.6%
KCGeorge Brett
82.6%
CHCRyne Sandberg
81.3%
Team Player % Correct
BOSWade Boggs
79%
MILRobin Yount
78.6%
CHCAndre Dawson
72.8%
MILPaul Molitor
72.6%
OAKRickey Henderson
72.2%
OAKDennis Eckersley
69.3%
CHWCarlton Fisk
69.2%
DETAlan Trammell
67.2%
DETJack Morris
61.3%
MONTim Raines
57.5%
NYY/CALDave Winfield
55.2%
SFGary Carter
50%
SDRoberto Alomar
45.6%
LADEddie Murray
39.8%
CALBert Blyleven
34.9%

You're not logged in!

Compare scores with friends on all Sporcle quizzes.
OR
Log In

You Might Also Like...

Show Comments

Extras

Top Quizzes Today


Score Distribution

Your Account Isn't Verified!

In order to create a playlist on Sporcle, you need to verify the email address you used during registration. Go to your Sporcle Settings to finish the process.

Report this User

Report this user for behavior that violates our Community Guidelines.

Details: